000 00380nam a22001697a 4500
003 MPLRDC
005 20220104144308.0
008 210129b ||||| |||| 00| 0 eng d
082 _a859.6 ZZY
100 _a陈仲义
245 _a金牛号事件
_c
250 _a初版
260 _a
_b福建人民出版社
_c1979
300 _b
650 _a
942 _cBK
_o859.6 ZZY
999 _c48227
_d48217